000 00706nam a2200145 a 4500
008 090112s1982 ||||||||||||||||| || u
050 _aGOV.ZAM(058)DMC/1980
110 _aGovernment of the Republic of Zambia (GRZ)
245 1 0 _aMinistry of Rural Development Department of Marketing and Co-operatives annual report for 1980
_cMinistry of Rural Development. Department of Marketing and Co-operatives
260 _aLusaka
_bGovernment Printer
_c1982
300 _a38p.
350 _a0.00
650 _aRURAL DEVELOPMENT--ZAMBIA--ANNUAL REPORTS
995 _D0.00
_FCBU-MAIN LIBRARY (Kitwe)
_H1
_I0.00
_M1
_UAVAILABLE
_WJan 12, 2009
_ZZambiana Collection
999 _c51313
_d51313